LEADER 01293nam a2200301 a 4500 001 000000126354 003 CaOOAMICUS 005 20110916151739.0 008 110916s2011 it u000 u ita r 020 $a978-88-220-6317-5 040 $aPUL$bita 082 04$a179.7 245 03$aLe parole ultime :$bDialogo sui problemi del "fine vita" /$cIvan Cavicchi, ... [et al.]. 260 $aBari :$bDedalo,$c©2011. 300 $a291 p. ;$c21 cm 490 1 $aNuova biblioteca Dedalo. Serie "Nuovi saggi" ;$v317 650 4$aBioetica.$0(OLS)http://pul/subject/2868 650 4$aMorte$xAspetti morali e religiosi.$0(OLS)http://pul/subject/38230 700 1 $aCavicchi, Ivan.$0(OLS)http://pul/name/80370 830 0$aNuova biblioteca Dedalo.$pSerie "Nuovi saggi" ;$v317.$0(OLS)http://pul/title/67030 850 $aPUL 852 $aPUL$W1$xSL Filosofia 3$y81$m179. 7 CAVIV 1$j145802$qDDC 21$B144615$CPULBib$Z2$F144615 $H117996 $82 941 1 $a9 996 $6020$a978-88-220-6317-5$9(OLS)http://pul/number/147980 996 $6082$a179.7$9(OLS)http://pul/classification/418 996 $6245$aLe parole ultime :$bDialogo sui problemi del "fine vita"$9(OLS)http://pul/title/159571 996 $6260$aBari :$bDedalo$9(OLS)http://pul/publisher/52581 LEADER 01356nam a2200325 a 4500 001 000000151955 003 CaOOAMICUS 005 20160520170239.0 008 160520s2003 it u000 u ita r 020 $a978-88-430-2726-2* 032 $aLibriCat 040 $aPUL$bita 082 14$a190.9 245 03$aLa filosofia del Rinascimento :$bfigure e problemi /$ca cura di Germana Ernst ; contributi di M. L. Bianchi [et al.] ... 260 $aRoma :$bCarocci,$c©2003. 300 $a315 p. ;$c22 cm. 490 1 $aAntologie ;$v06 504 $aBibliografia in nota a piè pagina. 650 4$aFilosofia occidentale moderna.$0(OLS)http://pul/subject/37648 700 1 $aBianchi, Massimo Luigi.$0(OLS)http://pul/name/44403 700 1 $aErnst, Germana.$0(OLS)http://pul/name/35039 830 0$aAntologie (Carocci) ;$v06.$0(OLS)http://pul/title/191279 850 $aPUL 852 $aPUL$W1$xSL Filosofia 3$y81$m190. 9 ERNGE 1$j174632$qDDC 21$B177187$CPULBib$Z2$F177187 $H127708 $81 941 1 $a9 996 $6020$a978-88-430-2726-2*$9(OLS)http://pul/number/160430 996 $6082$a190.9$9(OLS)http://pul/classification/654 996 $6245$aLa filosofia del Rinascimento :$bfigure e problemi$9(OLS)http://pul/title/191278 996 $6260$aRoma :$bCarocci$9(OLS)http://pul/publisher/66917